Business on the net: An introduction to the whats and how of (Record no. 166127)

000 -LEADER
fixed length control field 00391nam a2200133Ia 4500
008 - FIXED-LENGTH DATA ELEMENTS--GENERAL INFORMATION
fixed length control field 220217s9999||||xx |||||||||||||| ||und||
082 ## - DEWEY DECIMAL CLASSIFICATION NUMBER
Classification number 004.638 4 AGR
100 ## - MAIN ENTRY--PERSONAL NAME
Personal name Agrawala, N. Kamalesh
9 (RLIN) 1241
245 #0 - TITLE STATEMENT
Title Business on the net: An introduction to the whats and how of
250 ## - EDITION STATEMENT
Edition statement 1st
260 ## - PUBLICATION, DISTRIBUTION, ETC.
Place of publication, distribution, etc. Macmillan publishing
Name of publisher, distributor, etc. Delhi
Date of publication, distribution, etc. 2000
300 ## - PHYSICAL DESCRIPTION
Other physical details 198
650 ## - SUBJECT ADDED ENTRY--TOPICAL TERM
Topical term or geographic name entry element COMPUTER NETWORK
Holdings
Withdrawn status Lost status Damaged status Not for loan Collection code Home library Current library Shelving location Date acquired Full call number Barcode Date last seen Price effective from Koha item type
        Computer Science and Engineering Central Library Central Library Book Cart 02/18/2022 004.638 4 AGR 1316 07/12/2022 02/18/2022 Books

Powered by Koha